Slavic Countries Map Quiz - Statistics

General Stats
  • This quiz has been taken 18 times
  • The average score is 12 of 13
Answers on the Map
Answers color-coded by a green-red scale on the quiz's map according to % correct below.
 
Answer Stats
Answer % Correct
Belarus
100%
Bulgaria
100%
Poland
100%
Russia
100%
Serbia
100%
Ukraine
100%
Croatia
93%
Czech Republic
93%
Slovakia
93%
Bosnia and Herzegovina
87%
Montenegro
87%
North Macedonia
87%
Slovenia
80%
No matching quizzes found
Score Distribution
Percent of People with Each Score
Percentile by Number Answered
Your Score History
You have not taken this quiz